000 00329nam a2200121Ia 4500
005 20251222143244.0
008 251222s9999||||xx |||||||||||||| ||spa||
020 _a84-86809-74-6
082 _a553.79/R93
100 _aRuiz Beviá, Francisco
245 0 _aIntrusión Marina e Hidroquímica en el Acuífero de Jávea
942 _cLIB
999 _c14693
_d14693